| 000 | 00745cam a22002415a 4500 | ||
|---|---|---|---|
| 999 |
_c27455 _d27426 |
||
| 005 | 20190518113213.0 | ||
| 008 | 871028r19861985enka frb 001 0 eng d | ||
| 020 | _a9780850389531 | ||
| 020 | _a0850389534 | ||
| 040 |
_aUk _beng _cUk _dEG-ScBUE _dEG-ScBUE |
||
| 043 | _ae-uk--- | ||
| 082 | 0 | 4 |
_a658.0220941 _bMOR _222 |
| 100 | 1 |
_aMorris, M. J. _q(Michael John) |
|
| 245 | 1 | 0 |
_aStarting a successful small business / _cM. J. Morris. |
| 250 | _aReprinted ed. | ||
| 260 |
_aLondon : _bKogan Page, _c1986. |
||
| 300 |
_a207 p. : _bill. ; _c22 cm. |
||
| 504 | _aIncludes bibliographical references and index. | ||
| 650 | 7 |
_aSmall business _zGreat Britain _xManagement. _2BUEsh _939071 |
|
| 651 | _2BUEsh | ||
| 653 |
_bBUSADM _cMay2019 |
||
| 942 | _2ddc | ||